| 000 | 00412nam a22001697a 4500 | ||
|---|---|---|---|
| 003 | MACL | ||
| 005 | 20160728144727.0 | ||
| 008 | 160728b xxu||||| |||| 00| 0 eng d | ||
| 040 | _cMACL | ||
| 041 | _aEnglish | ||
| 082 | _a900 JAI | ||
| 100 |
_aJain] Meenakshi _965655 |
||
| 245 |
_aRama Ayodhya _cMeenakshi Jain |
||
| 260 |
_aNew Delhi _bAryan Books _c2013 |
||
| 650 |
_aHistory _965656 |
||
| 942 |
_2ddc _cBK |
||
| 999 |
_c55245 _d55245 |
||